Select all of the South American Countries that Apply - Statistics

General Stats
  • This quiz has been taken 983 times
  • The average score is 52 of 60
Answer Stats
Question Tile Select % Correct
that are landlocked Brazil No
99%
that are landlocked Chile No
99%
that are landlocked Colombia No
99%
that are landlocked Argentina No
98%
that are landlocked Guyana No
98%
that are landlocked Suriname No
98%
that are landlocked Venezuela No
98%
that are landlocked Ecuador No
97%
that are landlocked Bolivia Yes
96%
that border Peru (not including Peru) Guyana No
96%
that are landlocked Peru No
96%
that border Peru (not including Peru) Suriname No
96%
that the Andes pass through Guyana No
95%
that border Peru (not including Peru) Peru No
95%
that the Andes pass through Suriname No
95%
that border Peru (not including Peru) Uruguay No
95%
that don’t use Spanish as an official language Chile No
94%
that don’t use Spanish as an official language Colombia No
94%
that don’t use Spanish as an official language Ecuador No
94%
that are landlocked Paraguay Yes
94%
that don’t use Spanish as an official language Venezuela No
94%
that don’t use Spanish as an official language Argentina No
93%
that don’t use Spanish as an official language Bolivia No
93%
that don’t use Spanish as an official language Peru No
93%
that the Andes pass through Uruguay No
93%
that don’t use Spanish as an official language Paraguay No
92%
that are landlocked Uruguay No
92%
that border Peru (not including Peru) Venezuela No
92%
whose capital contains 7 letters or less Argentina No
91%
that don’t use Spanish as an official language Uruguay No
91%
that the Andes pass through Chile Yes
90%
whose capital contains 7 letters or less Suriname No
90%
whose capital contains 7 letters or less Uruguay No
90%
that border Peru (not including Peru) Ecuador Yes
89%
that border Peru (not including Peru) Paraguay No
89%
that don’t use Spanish as an official language Brazil Yes
88%
that border Peru (not including Peru) Chile Yes
88%
whose capital contains 7 letters or less Guyana No
88%
whose capital contains 7 letters or less Paraguay No
87%
that the Andes pass through Peru Yes
87%
whose capital contains 7 letters or less Chile No
86%
whose capital contains 7 letters or less Peru Yes
86%
that border Peru (not including Peru) Bolivia Yes
83%
that the Andes pass through Paraguay No
83%
that don’t use Spanish as an official language Suriname Yes
83%
that the Andes pass through Argentina Yes
82%
whose capital contains 7 letters or less Brazil No
82%
whose capital contains 7 letters or less Bolivia Yes
78%
that border Peru (not including Peru) Brazil Yes
78%
whose capital contains 7 letters or less Colombia Yes
78%
whose capital contains 7 letters or less Ecuador Yes
77%
that the Andes pass through Brazil No
76%
that the Andes pass through Ecuador Yes
76%
that don’t use Spanish as an official language Guyana Yes
76%
that the Andes pass through Bolivia Yes
75%
that border Peru (not including Peru) Argentina No
73%
whose capital contains 7 letters or less Venezuela Yes
69%
that border Peru (not including Peru) Colombia Yes
68%
that the Andes pass through Colombia Yes
64%
that the Andes pass through Venezuela Yes
26%
No matching quizzes found
Score Distribution
Percent of People with Each Score
Percentile by Number Answered
Your Score History
You have not taken this quiz